LIBRARY & INFORMATION CENTRE, KCAET, TAVANUR

ONLINE PUBLIC ACCESS CATALOGUE (OPAC)

Hydraulics (Record no. 16266)

MARC details
000 -LEADER
fixed length control field 00198nam a22000977a 4500
003 - CONTROL NUMBER IDENTIFIER
control field OSt
008 - FIXED-LENGTH DATA ELEMENTS--GENERAL INFORMATION
fixed length control field 200629b ||||| |||| 00| 0 eng d
100 ## - MAIN ENTRY--AUTHOR NAME
Personal name Dighe
245 ## - TITLE STATEMENT
Title Hydraulics
942 ## - ADDED ENTRY ELEMENTS (KOHA)
Koha item type Books
Holdings
Withdrawn status Lost status Damaged status Home library Current library Date acquired Cost, normal purchase price Accession Number Koha item type
Withdrawn Lost and Paid For   KAUAET KAUAET 29/06/2020 8.00 7561 Books
Withdrawn     KAUAET KAUAET 29/06/2020 8.00 7562 Books
Withdrawn Lost and Paid For   KAUAET KAUAET 29/06/2020 4.00 7563 Books
Withdrawn Lost and Paid For   KAUAET KAUAET 29/06/2020 4.00 7564 Books
free website counter